| 000 | 00759nam a22001937a 4500 | ||
|---|---|---|---|
| 005 | 20250707112515.0 | ||
| 010 | _aENG-145710 | ||
| 020 |
_a9789361592799 _c620.00 |
||
| 035 | _aEN-129242 | ||
| 037 | _bDBAD | ||
| 082 |
_a000 _26 |
||
| 245 | _aLegal Aptitude Workbook (2025-26)/ | ||
| 250 | _a6 | ||
| 260 |
_aNoida _bPearson India Education _c2025 |
||
| 270 |
_a15th Floor, Towe-B, World Trade Tower, Plot No.1, Block-C, Sector-16 _bNoida _e201301 |
||
| 300 |
_avpp. _c25cm(pbk) |
||
| 500 | _aFor Law Entrances (UG & PG) | CLAT, SLAT, BLAT, MAH (CET-LAW), AILET, PU, DU, IPU, UPES & Other UG/PG Law Entrance Exams | Includes Chapter on Family Laws - Hindu and Muslim Laws | Includes CLAT/AILET 2025, 2024 | ||
| 942 |
_2ddc _cEN _h000 _mBHA |
||
| 999 |
_c212145 _d212145 |
||